000 00544nam a22001697a 4500
005 20231115095342.0
008 231115b |||||||| |||| 00| 0 eng d
041 _aEnglish
082 _a344.4 COR
100 _aGordon, I ; Turner, R and Price, TW
_lEnglish
245 _aMedical Jurisprudence /
_cI Gordon, R Turner and TW Price
250 _aThird Edition
260 _aLondon :
_bE & S Livingstone Ltd,
_c1953
300 _blv, 944 pages ;
_c26 cm.
650 _aLegal practice
_bLaw
942 _cBK
_6ALISON_BN_VRIES
999 _c664
_d664